000 00897nam a2200205 a 4500
001 BRCA_8850
005 20190320210432.0
008 120517s1788----sp-#######---#000-0#lat-#
041 _alat
044 _asp
084 _aBE231
_b.C53 1788
100 1 _aCicerón, Marco Tulio
_d106 - 43 a.c.
_922043
245 1 0 _aSilva selectorum operum M. Ciceronis
_bcontinens orationes duodecim selectas: quibus accesserunt Tractatus de Senecture, de Amicitia & ejusdem Paradoxa: varia opuscula poética, in gratiam candidatorum Poeseos, et compenaium rhetoricae P. Cipriani Soaril
_cnunc à plurimis menais expurgataà D. Enrico de la Cgruz Herrera...
260 _aMatriti
_bTypis petri marin
_c1788
300 _a373 p.
_c15.5 x 10.5 cm.
500 _aEstado físico: presenta encuadernación en pergamino deteriorado
650 1 4 _aLiteratura latina
_vAntologías
_922044
902 _aCFM
942 _2lcc
_cB
999 _c8501
_d8501